<?xml version="1.0" encoding="UTF-8"?>
<record
    xmlns:xsi="http://www.w3.org/2001/XMLSchema-instance"
    xsi:schemaLocation="http://www.loc.gov/MARC21/slim http://www.loc.gov/standards/marcxml/schema/MARC21slim.xsd"
    xmlns="http://www.loc.gov/MARC21/slim">

  <leader>01572nam a2200385 i 4500</leader>
  <controlfield tag="001">183392</controlfield>
  <controlfield tag="003">ES-MaACL</controlfield>
  <controlfield tag="005">20260217134558.0</controlfield>
  <controlfield tag="008">140411m19121913it           |||| | ita d</controlfield>
  <datafield tag="080" ind1=" " ind2=" ">
    <subfield code="a">821.133.1-1"17"</subfield>
  </datafield>
  <datafield tag="245" ind1="0" ind2="0">
    <subfield code="a">Poeti minori del Settecento / </subfield>
    <subfield code="c">a cura di Alessandro Donati.</subfield>
  </datafield>
  <datafield tag="260" ind1=" " ind2=" ">
    <subfield code="a">Bari : </subfield>
    <subfield code="b">Gius. Laterza &amp; Figli, </subfield>
    <subfield code="c">1912-1913.</subfield>
  </datafield>
  <datafield tag="300" ind1=" " ind2=" ">
    <subfield code="a">2 v. (353 ; 356 p.) ; </subfield>
    <subfield code="c">21 cm.</subfield>
  </datafield>
  <datafield tag="490" ind1="1" ind2=" ">
    <subfield code="a">Scrittori d'Italia ; </subfield>
    <subfield code="v">33, 45</subfield>
  </datafield>
  <datafield tag="505" ind1="8" ind2=" ">
    <subfield code="a">Contiene: [1]. Savioli, Pompei, Paradisi, Cerretti ed altri - [2]. Mazza, Rezzonico, Bondi, Fiorentino, Cassoli, Mascheroni</subfield>
  </datafield>
  <datafield tag="530" ind1=" " ind2=" ">
    <subfield code="a">Disponible en formato digital.</subfield>
  </datafield>
  <datafield tag="650" ind1=" " ind2="7">
    <subfield code="a">Poes&#xED;a italiana-</subfield>
    <subfield code="y">S.XVIII</subfield>
    <subfield code="9">154696</subfield>
  </datafield>
  <datafield tag="700" ind1="1" ind2=" ">
    <subfield code="a">Donati, Alessandro.</subfield>
    <subfield code="9">154697</subfield>
  </datafield>
  <datafield tag="700" ind1="1" ind2=" ">
    <subfield code="a">Savioli, Lodovico.</subfield>
    <subfield code="9">154698</subfield>
  </datafield>
  <datafield tag="700" ind1="1" ind2=" ">
    <subfield code="a">Pompei, Girolamo.</subfield>
    <subfield code="9">154699</subfield>
  </datafield>
  <datafield tag="700" ind1="1" ind2=" ">
    <subfield code="a">Paradisi, Agostino, </subfield>
    <subfield code="d">1736-1783</subfield>
    <subfield code="9">154700</subfield>
  </datafield>
  <datafield tag="700" ind1="1" ind2=" ">
    <subfield code="a">Cerretti, Luigi, </subfield>
    <subfield code="d">1738-1808</subfield>
    <subfield code="9">154701</subfield>
  </datafield>
  <datafield tag="700" ind1="1" ind2=" ">
    <subfield code="a">Mazza, Angelo, </subfield>
    <subfield code="d">1741-1817</subfield>
    <subfield code="9">154719</subfield>
  </datafield>
  <datafield tag="700" ind1="1" ind2=" ">
    <subfield code="a">Rezzonico, Carlo Gastone della Torre di.</subfield>
    <subfield code="9">154720</subfield>
  </datafield>
  <datafield tag="700" ind1="1" ind2=" ">
    <subfield code="a">Bondi, Clemente.</subfield>
    <subfield code="9">154721</subfield>
  </datafield>
  <datafield tag="700" ind1="1" ind2=" ">
    <subfield code="a">Fiorentino, Salomone.</subfield>
    <subfield code="9">154722</subfield>
  </datafield>
  <datafield tag="700" ind1="1" ind2=" ">
    <subfield code="a">Cassoli, Francesco (</subfield>
    <subfield code="d">1749-1812)</subfield>
    <subfield code="9">154723</subfield>
  </datafield>
  <datafield tag="700" ind1="1" ind2=" ">
    <subfield code="a">Mascheroni, Lorenzo.</subfield>
    <subfield code="9">154724</subfield>
  </datafield>
  <datafield tag="830" ind1="1" ind2="0">
    <subfield code="a">Scrittori d'Italia</subfield>
    <subfield code="v">33, 45</subfield>
    <subfield code="9">191925</subfield>
  </datafield>
  <datafield tag="852" ind1="4" ind2=" ">
    <subfield code="a">ES-MaACL</subfield>
    <subfield code="j">G-3734</subfield>
    <subfield code="c">DEPO2</subfield>
  </datafield>
  <datafield tag="856" ind1="4" ind2=" ">
    <subfield code="u">https://archive.org/details/poetiminoridelse02donauoft </subfield>
    <subfield code="z">(V. 1)</subfield>
    <subfield code="y">Internet Archive</subfield>
  </datafield>
  <datafield tag="856" ind1="4" ind2=" ">
    <subfield code="u">https://archive.org/details/poetiminoridelse01donauoft </subfield>
    <subfield code="z"> </subfield>
    <subfield code="z">(V. 2)</subfield>
    <subfield code="y">Internet Archive</subfield>
  </datafield>
  <datafield tag="942" ind1=" " ind2=" ">
    <subfield code="2">udc</subfield>
  </datafield>
  <datafield tag="999" ind1=" " ind2=" ">
    <subfield code="c">183392</subfield>
    <subfield code="d">183392</subfield>
  </datafield>
  <datafield tag="952" ind1=" " ind2=" ">
    <subfield code="0">0</subfield>
    <subfield code="1">0</subfield>
    <subfield code="4">0</subfield>
    <subfield code="7">0</subfield>
    <subfield code="8">Colecci&#xF3;n_digital</subfield>
    <subfield code="a">ATENEOM</subfield>
    <subfield code="b">ATENEOM</subfield>
    <subfield code="c">DEPO2</subfield>
    <subfield code="d">2014-04-11</subfield>
    <subfield code="e">SC</subfield>
    <subfield code="l">0</subfield>
    <subfield code="o">G-3734</subfield>
    <subfield code="p">1192761</subfield>
    <subfield code="r">2023-02-23 00:00:00</subfield>
    <subfield code="w">2023-02-23</subfield>
    <subfield code="y">MONOGRAFIA</subfield>
  </datafield>
</record>
